00479nam a2200193 a 4500001001300000003000900013005001700022008004100039020001000080082001300090100001600103245002900119260004400148300000800192500003500200505001000235650002400245700001600269nice12345678IN_TiNIC20260116011320.0050524s1929 lona grp 000 0 eng  ac10000a962bSEL aSell, Canon aAyyub and Mamluk Sultans aLondonbChurch Missionary Societyc1929 a84p aincludes index and biblioraphy2 aIndex aEgypt-History-Ayyub1 aSell, Canon